Normal view
MARC view
- Mathus, N
Entry Personal Name
001 - CONTROL NUMBER
- control field: 6180
003 - CONTROL NUMBER IDENTIFIER
- control field: OSt
005 - DATE AND TIME OF LATEST TRANSACTION
- control field: 20180212141149.0
008 - FIXED-LENGTH DATA ELEMENTS
- fixed length control field: 180212|| aca||aabn | a|a d
040 ## - CATALOGING SOURCE
- Original cataloging agency: OSt
- Transcribing agency: OSt
100 ## - HEADING--PERSONAL NAME
- Personal name: Mathus, N
670 ## - SOURCE DATA FOUND
- Source citation: Work cat.: (OSt): Mathus, N, Information Technology IC, I and II, 2013